[Event "Barnstaple op"]
[Site "Barnstaple"]
[Date "1971.10.03"]
[Round "5"]
[White "Marks, I."]
[Black "Lee, RA."]
[Result "1/2-1/2"]
[WhiteElo "1664"]
[BlackElo "2112"]

1.e4 g6 2.d4 Bg7 3.Nc3 c5 4.Nf3 cxd4 5.Nxd4 Nc6 6.Be3 d6 7.Qd2 Nf6 8.f3 Bd7
9.Bc4 Rc8 10.Bb3 Na5 11.h4 Nc4 12.Bxc4 Rxc4 13.O-O-O h5 14.Nd5 b5 15.Kb1 Qb8
16.Nb3 Nxd5 17.exd5 Bf5 18.Rc1 Qc7 19.Nd4 Bd7 20.b3 Rc3 21.Ne2 Qa5 22.Qe1 b4
23.Nxc3 Bxc3 24.Bd2 O-O 25.Bxc3 bxc3 26.Rd1 Rc8 27.Rd3 Bf5 28.Re3 Bxc2+ 29.Kxc2 Qxa2+
30.Kd3 Qxb3 31.Qc1 Qb5+ 32.Kc2 Qa4+ 33.Kd3 Qb5+  1/2-1/2

[Event "Skopje ol (Men) fin-D"]
[Site "Skopje"]
[Date "1972.??.??"]
[Round "12"]
[White "Constantinou, Agathoclis"]
[Black "Attard, Wilfred"]
[Result "1-0"]
[WhiteElo "2200"]
[BlackElo "2200"]

1.e4 d5 2.d4 g6 3.Nc3 Bg7 4.Be3 Nf6 5.f3 c6 6.Qd2 b5 7.a3 Nbd7 8.Nh3 a6 9.Nf2 Nb6
10.Bh6 Bxh6 11.Qxh6 Qc7 12.Be2 c5 13.dxc5 Qxc5 14.Nd3 Qc7 15.O-O Be6 16.f4 Nc4
17.f5 gxf5 18.exf5 Bd7 19.Bf3 Bc6 20.Rae1 d4 21.b3 Bxf3 22.Qxf6 Qa7 23.Kh1 Bxg2+
24.Kxg2 Rg8+ 25.Kh3 Ne3 26.Qh4 Nxf1 27.Nd5 Kf8 28.Rxe7  1-0

[Event "CSR-ch"]
[Site "Trinec"]
[Date "1972.??.??"]
[Round "12"]
[White "Novak, Ivan"]
[Black "Plachetka, Jan"]
[Result "1/2-1/2"]
[WhiteElo "2200"]
[BlackElo "2370"]

1.e4 g6 2.d4 Bg7 3.Nc3 c5 4.d5 d6 5.Bb5+ Nd7 6.Nf3 Nf6 7.O-O O-O 8.a4 a6
9.Be2 Rb8 10.Nd2 Ne8 11.h4 h5 12.Nf3 Ne5 13.Bg5 Nxf3+ 14.gxf3 Bh3 15.Re1 Nf6
16.Qd2 Kh7 17.Qd3 Bd7 18.a5 b5 19.axb6 Rxb6 20.Ra2 Qc7 21.Rea1 Rfb8 22.Bc1 Bb5
23.Nxb5 axb5 24.Ra7 R6b7 25.Qa3 b4 26.Rxb7 Rxb7 27.Qa8 Rb8 28.Qc6 Rc8 29.Qxc7 Rxc7
30.Kg2 Nd7 31.Ra4 Bf6 32.Kg3 Rb7  1/2-1/2

[Event "Netanya-B"]
[Site "Netanya"]
[Date "1973.??.??"]
[Round "2"]
[White "Kaufman, Larry C"]
[Black "Cnaan, Moshe"]
[Result "1-0"]
[WhiteElo "2400"]
[BlackElo "2200"]

1.e4 g6 2.d4 Bg7 3.Nc3 c5 4.dxc5 Qa5 5.Bd3 Na6 6.Ne2 Nxc5 7.O-O Nf6 8.Nf4 d6
9.Nfd5 Nxd5 10.Nxd5 Nxd3 11.Qxd3 Bd7 12.Bg5 f6 13.Bd2 Qd8 14.Qb3 b6 15.Rad1 Qc8
16.Bb4 Be6 17.f4 Rb8 18.f5 Bxd5 19.Rxd5 Rb7 20.Rd3 Rc7 21.Rc3 Rxc3 22.Bxc3 Qc5+
23.Kh1 b5 24.Rf3 Qc4 25.Qxc4 bxc4 26.Bd4 gxf5 27.exf5 Kd7 28.Ra3 Ra8 29.Rxa7+ Rxa7
30.Bxa7 Bh6 31.g3 Kc6 32.Kg2 Bc1 33.b3 cxb3 34.cxb3 Kb5 35.Kf3 Ba3 36.Ke4 Kc6
37.Be3 d5+ 38.Kd3 Kb5 39.Bd2 Kc5 40.Kc3 d4+ 41.Kd3  1-0

[Event "NLD-ch Leeuwarden"]
[Site "Leeuwarden"]
[Date "1974.??.??"]
[Round "3"]
[White "Scholl, Eduard C"]
[Black "Sosonko, Gennadi"]
[Result "0-1"]
[WhiteElo "2385"]
[BlackElo "2450"]

1.e4 g6 2.d4 Bg7 3.Nc3 c5 4.Nf3 cxd4 5.Nxd4 Nc6 6.Be3 Nf6 7.Bc4 Qa5 8.Nb3 Qc7
9.O-O O-O 10.f4 d6 11.Be2 a6 12.a4 Na5 13.Nxa5 Qxa5 14.Bf3 Bd7 15.Kh1 Rac8
16.h3 Rc4 17.Ra3 Be6 18.Qe1 Rc7 19.Bd2 Qb6 20.Qc1 Rcc8 21.Be3 Qc7 22.a5 Nd7
23.Rf2 Bxc3 24.bxc3 f6 25.f5 Bf7 26.fxg6 hxg6 27.Bd4 Kg7 28.Bg4 Rb8 29.Bxd7 Qxd7
30.Qe3 Bc4 31.Ra1 Rh8 32.Rb1 Rh5 33.Rb4 Bb5 34.c4 Bc6 35.c5 Rbh8 36.Rb3 Rh4
37.Qg5 Qe6 38.Rg3 Bxe4 39.Kh2 d5 40.Qd2 Bf5 41.Re3 Re4 42.Rff3 Rhh4 43.c3 Rxe3
44.Rxe3 Re4 45.g4 Rxe3 46.Qxe3 Be4 47.Qf4 Kf7 48.g5 f5 49.Kg3 Bc2 50.Qe5 Qxe5+
51.Bxe5 Ke6 52.Kf4 Kd7 53.h4 Bd1 54.Bd4 Kc6 55.Ke5 Kb5 56.Ke6 Kxa5 57.Kxe7 Kb5
58.Kd6 a5 59.Kc7 Ka6 60.c6 bxc6 61.Kxc6 a4 62.Kxd5 a3 63.c4 a2 64.Bc3 Bh5
65.Kc5 f4 66.Kd4 f3 67.Ke3 Kb6 68.Bd4+ Ka5 69.Bc3+ Ka4 70.c5 Kb5  0-1

[Event "Nice olm prel"]
[Site "Nice"]
[Date "1974.??.??"]
[Round "2"]
[White "Tabane, N."]
[Black "Forintos, Gyozo V"]
[Result "0-1"]
[WhiteElo "2200"]
[BlackElo "2490"]

1.e4 g6 2.d4 Bg7 3.Nc3 c5 4.dxc5 Qa5 5.Bd3 Na6 6.Ne2 Nxc5 7.O-O Nf6 8.e5 Ng4
9.b4 Qxb4 10.Rb1 Qa5 11.Rb5 Qc7 12.Be3 b6 13.Nf4 Nxe5 14.Nfd5 Qd8 15.Be4 Ba6
16.Bxc5 bxc5 17.Nxe7 Qxe7 18.Bxa8 O-O 19.Bd5 Re8 20.Rb1 Bxf1 21.Qxf1 Ng4
22.Bf3 Nxh2 23.Kxh2 Bxc3 24.g3 Qe6 25.Qd3 Bd4 26.Rb7 Re7 27.Qd2 Qxa2 28.Qh6 Re8
29.Rxd7 Qxc2 30.Qf4 Qxf2+ 31.Kh3 Rf8 32.Rxa7 Qf1+  0-1

[Event "Nice olm prel"]
[Site "Nice"]
[Date "1974.??.??"]
[Round "9"]
[White "De Greiff, Boris"]
[Black "Lee, Cecil"]
[Result "1-0"]
[WhiteElo "2325"]
[BlackElo "2200"]

1.e4 g6 2.d4 Bg7 3.Nc3 c5 4.d5 d6 5.Nf3 Bg4 6.Be2 Nd7 7.O-O Ngf6 8.Nd2 Bxe2
9.Qxe2 a6 10.a4 O-O 11.Nc4 Ne5 12.Nxe5 dxe5 13.a5 Rc8 14.Be3 Kh8 15.f3 Nh5
16.Qc4 Qc7 17.Bd2 Qd6 18.Na4 e6 19.Nb6 Rc7 20.Be3 Nf4 21.Rfd1 Rd8 22.Bxf4 exf4
23.c3 e5 24.Ra4 f5 25.Qe2 Qf6 26.Nc4 Rcd7 27.Ra3 fxe4 28.Qxe4 Qf5 29.Rb3 Qxe4
30.fxe4 Kg8 31.Rb6 Kf7 32.Ra1 Re8 33.Nd6+ Rxd6 34.Rxd6 Ke7 35.Re6+ Kd7 36.Rxe8 Kxe8
37.Ra3 Kd7 38.Rb3 Kc7 39.Rb6 c4 40.d6+ Kc8 41.d7+ Kd8 42.Rxb7 Bf6 43.Ra7  1-0

[Event "Sombor"]
[Site "Sombor"]
[Date "1974.??.??"]
[Round "6"]
[White "Ljuca, Mirsad"]
[Black "Minic, Dragoljub"]
[Result "1/2-1/2"]
[WhiteElo "2200"]
[BlackElo "2475"]

1.e4 g6 2.d4 Bg7 3.Nc3 c5 4.d5 d6 5.Nf3 Nf6 6.Be2 O-O 7.O-O Na6 8.Nd2 Nc7
9.a4 b6 10.Nc4 Ba6 11.Bg5 h6 12.Bf4 Qd7 13.Nd2 Bxe2 14.Qxe2 e6 15.Bxd6 Qxd6
16.e5 Qd8 17.d6 Nce8 18.exf6 Bxf6 19.Nc4 Nxd6 20.Rad1 Bd4 21.Nxd6 Qxd6 22.Nb5 Qf4
23.g3 Qf5 24.Nxd4 cxd4 25.Rxd4 Rfd8 26.Rfd1 Rxd4 27.Rxd4 Rc8 28.c3 Rc5 29.Qd2 Kg7
30.Rd8 Qb1+ 31.Kg2 Qe4+ 32.Kg1 Qxa4 33.Qd6 Rd5 34.Qf8+ Kf6 35.Qh8+ Kf5 36.Rxd5+ exd5
37.Qc8+ Ke5 38.Qc7+ Ke6 39.b4 h5 40.f4 f6 41.Qc8+ Qd7 42.Qa6 Kd6 43.c4 Qc6
44.c5+ bxc5 45.bxc5+ Kxc5 46.Qxa7+ Qb6 47.Qg7 Kc4+ 48.Kf1 Qb1+ 49.Kf2 Qc2+
50.Kf1 Qd3+ 51.Kf2 Qe4 52.Qb7 Qc2+ 53.Kf1 Qd1+ 54.Kf2 Qd2+ 55.Kf1 Kd4 56.Qe7 Qc1+
57.Kf2 Qc2+ 58.Kf1 Kd3 59.Qe8 Kd4 60.Qe6 Qd2 61.Qe8 h4 62.Qe6 Qd1+ 63.Kf2 Qc2+
64.Kf1 hxg3 65.hxg3 Qd2 66.Qe8 Qe3 67.Qxg6 Qd3+ 68.Qxd3+ Kxd3 69.g4 Ke4 70.g5 fxg5
71.fxg5 Kf5 72.Ke2 Kxg5 73.Kd2  1/2-1/2

[Event "Lone Pine"]
[Site "Lone Pine"]
[Date "1976.??.??"]
[Round "1"]
[White "Tisdall, Jonathan D"]
[Black "Forintos, Gyozo V"]
[Result "1/2-1/2"]
[WhiteElo "2390"]
[BlackElo "2490"]

1.e4 g6 2.d4 Bg7 3.Nc3 c5 4.dxc5 Qa5 5.Nf3 Nf6 6.Nd2 Qxc5 7.Nc4 Qc6 8.f3 d6
9.Be2 O-O 10.O-O Nbd7 11.Kh1 a6 12.a4 b6 13.Be3 Rb8 14.Qd2 Qc7 15.Rfd1 Re8
16.Bf1 Nc5 17.Bg5 Bb7 18.Ne3 Ncd7 19.Nc4 Bc6 20.Be3 Rec8 21.Nd5 Nxd5 22.exd5 Ba8
23.Bd4 Bxd5 24.Nxd6 Qxd6 25.Bxg7 Kxg7 26.Qxd5 Qxd5 27.Rxd5 Nf6 28.Re5 Rxc2
29.Bxa6 Rxb2 30.Rxe7 Nd5 31.Re2 Rb4 32.Ree1 Nc3 33.a5 b5 34.Rec1 Rc4 35.h3 Rc7
36.Ra3 b4 37.Rb3 Ra7 38.Rcxc3 bxc3 39.Rxb8 Rxa6 40.Rc8 Rxa5 41.Rxc3  1/2-1/2

[Event "Stary Smokovec"]
[Site "Stary Smokovec"]
[Date "1976.??.??"]
[Round "9"]
[White "Pribyl, Josef"]
[Black "Petran, Peter"]
[Result "1-0"]
[WhiteElo "2435"]
[BlackElo "2335"]

1.d4 g6 2.e4 Bg7 3.Nc3 c5 4.Nf3 cxd4 5.Nxd4 Nc6 6.Be3 Nf6 7.Be2 O-O 8.Nb3 b6
9.f4 Bb7 10.Bf3 e5 11.O-O Qe7 12.Nd5 Nxd5 13.exd5 exf4 14.Bxf4 Ne5 15.d6 Nxf3+
16.Qxf3 Qe4 17.Qxe4 Bxe4 18.c3 Rfe8 19.Rad1 Bc2 20.Rd2 Bxb3 21.axb3 Re4 22.g3 f5
23.Kf2 Rae8 24.b4 Bf6 25.Rc2 g5 26.Bc1 Kf7 27.Rd1 Kg6 28.Rd3 h5 29.b3 Rc8
30.c4 Bd4+ 31.Kf1 Rce8 32.Bd2 h4 33.Ra2 hxg3 34.hxg3 Rh8 35.Bc3 Rh1+ 36.Kg2 Rg1+
37.Kh2 Bxc3 38.Kxg1 Bxb4 39.Rxa7 b5 40.Rxd7 bxc4 41.bxc4 Rxc4 42.Rc7  1-0

[Event "Tbilisi Interzonal (Women)"]
[Site "Tbilisi"]
[Date "1976.??.??"]
[Round "8"]
[White "Savereide, Diane"]
[Black "Zatulovskaya, Tatiana"]
[Result "1/2-1/2"]
[WhiteElo "2165"]
[BlackElo "2240"]

1.e4 g6 2.d4 Bg7 3.Nc3 Nc6 4.Be3 e5 5.Nf3 d6 6.Bb5 Bd7 7.Bxc6 Bxc6 8.Qd3 Ne7
9.O-O-O O-O 10.h4 exd4 11.Nxd4 Bd7 12.h5 Nc6 13.hxg6 hxg6 14.Nxc6 bxc6 15.Bh6 Bxh6+
16.Rxh6 Qg5+ 17.Qd2 Qxd2+ 18.Kxd2 Bg4 19.Rdh1 Bh5 20.Ne2 Kg7 21.R6xh5 gxh5
22.Rxh5 Rfb8 23.b3 Rb5 24.Rh3 Rh8 25.Rg3+ Kf8 26.Nd4 Re5 27.Nxc6 Rxe4 28.Nxa7 Rf4
29.Rf3 Rxf3 30.gxf3 Ke7 31.Nb5 Kd7 32.a4 c6 33.Nd4 c5 34.Nb5 d5 35.Kd3 Kc6
36.Ke3 Re8+ 37.Kd3 Rh8 38.Ke3 Rh1 39.Kd3 Rd1+ 40.Ke2 Rh1 41.Kd3 Rf1 42.Ke2 Rh1
43.Kd3  1/2-1/2

[Event "Lublin"]
[Site "Lublin"]
[Date "1977.??.??"]
[Round "8"]
[White "Zinn, Lothar"]
[Black "Sznapik, Aleksander"]
[Result "1-0"]
[WhiteElo "2365"]
[BlackElo "2405"]

1.e4 g6 2.d4 Bg7 3.Nc3 a6 4.Bf4 d6 5.Qd2 b5 6.Nf3 Bb7 7.Be2 b4 8.Nd5 a5 9.a3 e6
10.Ne3 bxa3 11.Rxa3 Bxe4 12.Rxa5 Rxa5 13.Qxa5 Ne7 14.O-O O-O 15.c3 h6 16.h3 g5
17.Bh2 Nd7 18.Nd2 Ba8 19.Bd3 Nb6 20.Ndc4 Nbd5 21.Nxd5 Nxd5 22.Re1 Nf4 23.Bxf4 gxf4
24.Qh5 Qf6 25.Nd2 Rb8 26.b4 Qg5 27.Qxg5 hxg5 28.Be4 e5 29.d5 f5 30.Bxf5 Bxd5
31.Ne4 Kf7 32.Ra1 Bf6 33.Ra7 Bd8 34.Nxd6+ Kf6 35.Be4 Ke6 36.Bxd5+ Kxd5 37.Nf7 Bf6
38.Rxc7 Ra8 39.f3 Ra1+ 40.Kf2 Ra2+ 41.Kf1 Ra1+ 42.Ke2 Ra2+ 43.Kd3 Rxg2 44.Nh6 e4+
45.fxe4+ Kd6 46.Rc5 Rg3+ 47.Kd2 Kd7 48.Ng4 Be7 49.Rd5+ Ke6 50.Re5+ Kd7 51.Rd5+ Ke6
52.Nf2 Rf3 53.Nd3 Rxh3 54.c4 Rh2+ 55.Kc3 Bf6+ 56.e5 Be7 57.Kd4 f3 58.Ke3 g4
59.Nf4+ Kf5 60.e6+ Kf6 61.c5 Bf8 62.Rd7 Be7 63.Rd1 Rc2 64.Kd3 Ra2 65.Ke4 Rb2
66.Nd3 Re2+ 67.Kf4 Rg2 68.b5 Kxe6 69.b6 Kd7 70.b7 Kc7 71.Rb1 Kb8 72.Ne5  1-0

[Event "JUG-ch"]
[Site "Zagreb"]
[Date "1977.??.??"]
[Round "1"]
[White "Minic, Dragoljub"]
[Black "Vulevic, Vjekoslav"]
[Result "1-0"]
[WhiteElo "2470"]
[BlackElo "2240"]

1.e4 g6 2.d4 Bg7 3.Nc3 a6 4.Nf3 d6 5.Bd3 Nc6 6.d5 Na5 7.O-O c5 8.Re1 f6 9.a3 b5
10.b4 Nb7 11.Rb1 Nh6 12.a4 cxb4 13.Rxb4 Qa5 14.Na2 Nc5 15.Bd2 Nf7 16.Rxb5 Qxa4
17.Ra5 Qd7 18.Bb5 axb5 19.Rxa8 O-O 20.Nb4 e5 21.dxe6 Qxe6 22.Nd4 Qc4 23.Ndc6 Be6
24.Na5 Qd4 25.c3 Qe5 26.Rxf8+ Bxf8 27.Nac6 Qh5 28.Qxh5 gxh5 29.Nd4 Bc4 30.f3 Ne5
31.Ra1 Na4 32.Nd5 Nd7 33.Rb1  1-0

[Event "JUG-ch"]
[Site "Zagreb"]
[Date "1977.??.??"]
[Round "3"]
[White "Barle, Janez"]
[Black "Vulevic, Vjekoslav"]
[Result "1/2-1/2"]
[WhiteElo "2450"]
[BlackElo "2240"]

1.e4 g6 2.d4 Bg7 3.Nc3 a6 4.h4 b5 5.h5 Bb7 6.hxg6 hxg6 7.Rxh8 Bxh8 8.Bg5 d6
9.Qd3 Nd7 10.O-O-O c6 11.Qh3 Bg7 12.Qh7 Kf8 13.Nf3 Qa5 14.Bd3 b4 15.Ne2 Qxa2
16.b3 c5 17.Nh4 cxd4 18.Nxg6+ fxg6 19.Nf4 Nc5 20.Nxg6+ Kf7 21.Bc4+ Ke8 22.Qxg8+ Kd7
23.Qxg7 Bxe4 24.Rd3 Bxd3 25.cxd3 Nxb3+ 26.Bxb3 Qxb3 27.Qxe7+ Kc6 28.Qe4+ Kb5
29.Qxa8 Qc3+ 30.Kd1 Qxd3+ 31.Ke1 Qxg6 32.Qb7+ Ka4 33.Qxa6+ Kb3 34.f4 Qe4+
35.Kf2 d3 36.Qxd6 Qe2+ 37.Kg3 d2 38.Qd5+ Ka3 39.Qa5+ Kb3 40.Qd5+ Ka3  1/2-1/2

[Event "JUG-ch"]
[Site "Zagreb"]
[Date "1977.??.??"]
[Round "5"]
[White "Ivanovic, Bozidar"]
[Black "Vulevic, Vjekoslav"]
[Result "1-0"]
[WhiteElo "2440"]
[BlackElo "2240"]

1.e4 g6 2.d4 Bg7 3.Nc3 a6 4.Nf3 d6 5.Bg5 Bg4 6.Bc4 Nc6 7.h3 Bd7 8.a3 b5 9.Ba2 Rb8
10.O-O b4 11.axb4 Nxb4 12.Bb3 Be6 13.d5 Bd7 14.Ne2 Nf6 15.Bxf6 Bxf6 16.Ba4 Bxa4
17.Rxa4 Qd7 18.Ra1 Qb5 19.Ned4 Qc4 20.c3 c5 21.Qa4+ Kf8 22.Nc6 Rb6 23.cxb4 Qxe4
24.Qa5 Rb7 25.Qxa6 Rc7 26.b5 Qxd5 27.Rfd1 Qb3 28.b6 Rxc6 29.Qa8+ Kg7 30.Qxc6 Rb8
31.Nd2 Rxb6 32.Qd7 Qe6 33.Qd8 Rxb2 34.Ra8 Bd4 35.Qf8+ Kf6 36.Nf3 Bxf2+ 37.Kh1 Qe2
38.Raa1 Be1 39.Qh8+ Kf5 40.Rd5+ Kf4 41.Rd4+ Kf5 42.g4+ Ke6 43.Rxe1 Qxe1+
44.Nxe1  1-0

[Event "URS-FL"]
[Site "Ashkhabad"]
[Date "1978.??.??"]
[Round "5"]
[White "Makarichev, Sergey"]
[Black "Tseshkovsky, Vitaly"]
[Result "1/2-1/2"]
[WhiteElo "2495"]
[BlackElo "2550"]

1.e4 g6 2.d4 Bg7 3.Nc3 c5 4.dxc5 Qa5 5.Ne2 Nf6 6.e5 Ng4 7.f4 Qxc5 8.Ne4 Qb6
9.N2c3 f5 10.Nd5 Qd8 11.Be2 Nh6 12.Ng5 Nc6 13.O-O Nf7 14.Nxf7 Kxf7 15.Bc4 e6
16.Ne3 Qb6 17.Kh1 Rd8 18.Bb3 d5 19.exd6 Na5 20.Bd2 Nxb3 21.Nc4 Nxa1 22.Nxb6 axb6
23.Qxa1 Rxd6 24.Bb4 Rd8 25.Qe1 Bd7 26.Qh4 Re8 27.Qf2 b5 28.Ba3 Bc6 29.Rd1 Rad8
30.Rxd8 Rxd8  1/2-1/2

[Event "Tungsram"]
[Site "Budapest"]
[Date "1978.??.??"]
[Round "?"]
[White "Regan, Kenneth"]
[Black "Barczay, Laszlo"]
[Result "1-0"]
[WhiteElo "2430"]
[BlackElo "2465"]

1.e4 g6 2.d4 Bg7 3.Nc3 c5 4.dxc5 Qa5 5.Bd3 Qxc5 6.Nge2 d6 7.O-O Nf6 8.h3 O-O
9.Be3 Qa5 10.f4 Nc6 11.Qe1 Nb4 12.Qh4 b5 13.a4 Nxd3 14.axb5 Qb4 15.cxd3 Be6
16.Rfb1 Nd7 17.Ra4 Qb3 18.f5 gxf5 19.Bh6 Bxh6 20.Qxh6 Qc2 21.exf5 Bxf5  1-0

[Event "Buenos Aires ol (Men)"]
[Site "Buenos Aires"]
[Date "1978.??.??"]
[Round "?"]
[White "Preissmann, Emmanuel"]
[Black "Day, Lawrence A"]
[Result "0-1"]
[WhiteElo "2320"]
[BlackElo "2350"]

1.e4 g6 2.d4 Bg7 3.Nc3 c5 4.dxc5 Qa5 5.Ne2 Nf6 6.Qd3 Na6 7.Be3 O-O 8.f3 Nxc5
9.Qb5 Qxb5 10.Nxb5 d6 11.Nc7 Rb8 12.e5 Ne8 13.Nd5 Bxe5 14.Nxe7+ Kh8 15.O-O-O Be6
16.Nd5 b5 17.Nef4 Ng7 18.Nxe6 fxe6 19.Nb4 Nf5 20.Bf2 Na4 21.Nd3 Bg7 22.Bxa7 Ra8
23.Bf2 Nxb2 24.Nxb2 Rxa2 25.g4 Bc3  0-1

[Event "Buenos Aires ol (Men)"]
[Site "Buenos Aires"]
[Date "1978.??.??"]
[Round "?"]
[White "Mestel, A Jonathan"]
[Black "Sznapik, Aleksander"]
[Result "1/2-1/2"]
[WhiteElo "2450"]
[BlackElo "2430"]

1.e4 g6 2.d4 Bg7 3.Nc3 a6 4.Bc4 b5 5.Bb3 Bb7 6.Nf3 e6 7.d5 Ne7 8.h4 c5 9.dxc6 Nbxc6
10.Bf4 Na5 11.Be5 f6 12.Bd6 Nxb3 13.axb3 Nc8 14.h5 Qb6 15.Bg3 b4 16.Na4 Qc6
17.Nd2 d5 18.h6 Bf8 19.e5 Be7 20.Nf3 O-O 21.Nd4 Qd7 22.O-O f5 23.Qd2 a5 24.Bf4 Bc6
25.Bg5 Bxa4 26.Rxa4 Nb6 27.Ra2 a4 28.bxa4 Rxa4 29.Bxe7 Qxe7 30.Rfa1 Rxa2
31.Rxa2 Nc4 32.Qe1 Re8 33.Ra6 Qc7 34.Rxe6 Rxe6 35.Nxe6 Qxe5 36.Qxe5 Nxe5
37.b3 Kf7 38.Ng5+ Ke7 39.f3 Nf7 40.Nxf7 Kxf7 41.Kf2 f4 42.Ke2 Ke6 43.Kd3 Kd7
44.c4 bxc3 45.Kxc3 Kc6 46.Kd4 Kd6 47.b4 Kc6 48.Ke5 Kb5 49.Kxd5 Kxb4 50.Ke5 Kc5
51.Kxf4 Kd4 52.Kg5 Ke5 53.g3 Ke6 54.Kf4 Kf6 55.Ke4 Ke6 56.Kd4 Kd6 57.Kc4 Kc6
58.f4 Kd6 59.g4 Ke6 60.Kc3 Ke7 61.Kd4 Kf6 62.Kc5 Ke7 63.Kb5 Kf7 64.Kc5 Ke7
65.Kd5 Kf7 66.Ke4 Ke6 67.Kf3 Kf7 68.Kg3 Ke7 69.Kf2 Kf6 70.Ke3 Ke7 71.Kd4 Kf6
72.Kd5 Kf7 73.Kd6 Kf6 74.Kd7 Kf7 75.f5 gxf5 76.gxf5 Kf6  1/2-1/2

[Event "URS-ch sf"]
[Site "Daugavpils"]
[Date "1978.??.??"]
[Round "?"]
[White "Lukin, Andrei M"]
[Black "Peresipkin, Vladimir"]
[Result "1-0"]
[WhiteElo "2460"]
[BlackElo "2420"]

1.e4 g6 2.d4 Bg7 3.Nc3 c5 4.dxc5 Qa5 5.Bd2 Qxc5 6.Nd5 Na6 7.Nf3 e6 8.Bc3 Bxc3+
9.Nxc3 Ne7 10.Qd2 Nc7 11.e5 Qa5 12.Ne4 Qxd2+ 13.Nfxd2 Nc6 14.Nc4 f5 15.exf6 d5
16.Ncd6+ Kf8 17.Ng5 h6 18.Nf3 Ne8 19.Nxe8 Kxe8 20.Bb5 Kf7 21.Bxc6 bxc6 22.Ne5+ Kxf6
23.Nxc6 Bd7 24.Nb4 Rhc8 25.O-O-O Rc4 26.Nd3 Rac8 27.Rd2 e5 28.b3 Rd4 29.Rhd1 Be6
30.Kb2 Rg4 31.f3 Rh4 32.Re1 e4 33.g3 Rh5 34.fxe4 dxe4 35.Rxe4  1-0

[Event "Esbjerg"]
[Site "Esbjerg"]
[Date "1978.??.??"]
[Round "8"]
[White "Sigurjonsson, Gudmundur"]
[Black "Forintos, Gyozo V"]
[Result "1-0"]
[WhiteElo "2500"]
[BlackElo "2435"]

1.e4 g6 2.d4 Bg7 3.Nc3 c5 4.d5 d6 5.Nf3 Na6 6.Bb5+ Bd7 7.a4 Nc7 8.Bxd7+ Qxd7
9.O-O Rb8 10.Re1 f6 11.Qd3 b6 12.Nb5 Na8 13.Bd2 Nh6 14.b4 Nf7 15.Na3 O-O
16.Nc4 Bh6 17.bxc5 bxc5 18.Bxh6 Nxh6 19.Na5 Nf7 20.Nc6 Rb7 21.Reb1 Rc7 22.a5 e6
23.Rb2 f5 24.Nb8 Qe7 25.exf5 gxf5 26.dxe6 Qxe6 27.Re1 Qf6 28.Rbb1 Re7 29.Nc6 Rd7
30.h3 Kh8 31.Kh2 Rg8 32.Rb8 Nd8 33.Rxa8 Qg7 34.Nh4 Nxc6 35.Ree8 Ne7 36.f4 d5
37.Rxg8+ Nxg8 38.Qxf5 c4 39.Qe6 Qf7 40.Qe5+ Qg7 41.Nf5  1-0

[Event "Tatran Cup"]
[Site "Strbske Pleso"]
[Date "1978.??.??"]
[Round "13"]
[White "Sikora Lerch, Jan"]
[Black "Peresipkin, Vladimir"]
[Result "1/2-1/2"]
[WhiteElo "2415"]
[BlackElo "2430"]

1.e4 g6 2.d4 Bg7 3.Nc3 c5 4.dxc5 Qa5 5.Bd2 Qxc5 6.Nd5 Na6 7.Nf3 Nf6 8.b4 Qd6
9.Bf4 Qe6 10.Ng5 Qc6 11.b5 Qc5 12.Be3 Qa3 13.bxa6 Nxd5 14.Qxd5 Bxa1 15.axb7 Qb4+
16.Bd2 Qb1+ 17.Ke2 Bxb7 18.Qxf7+ Kd8 19.Ba5+ Kc8 20.Qc4+ Bc6 21.Kd2 Be5 22.g3 Qb2
23.f4 Qd4+ 24.Bd3 Qf2+ 25.Be2 Qd4+ 26.Bd3 Qxc4 27.Bxc4 Bf6 28.Nf7 Rf8 29.Re1 Bd4
30.Bb4 d6 31.Ng5 Rb8 32.a3 Bd7 33.Kd3 Bc5 34.Bc3 h6 35.Ne6 Bxe6 36.Bxe6+ Kc7
37.Bg7 Rfd8 38.h4 Bf2 39.Rh1 Bxg3 40.Bxh6 Rh8 41.Bg5 Rbf8 42.Ke3 Rh7 43.Rh3 Be1
44.Kf3 Bc3 45.Kg4 Bf6 46.f5 gxf5+ 47.exf5 Rg7 48.Rb3 Kc6 49.Rb4 Rh8 50.Rc4+ Kb5
51.Rb4+ Ka5 52.Rb7 Ka6 53.Rb3 Ka5 54.Rb7 a6 55.Kf4 Bxg5+ 56.hxg5 Rh4+ 57.Kg3 Re4
58.Kf3 Re5 59.Kf4 Re2  1/2-1/2

[Event "CAN-ch/zt"]
[Site "Toronto"]
[Date "1978.??.??"]
[Round "6"]
[White "Green Krotki, J."]
[Black "Day, Lawrence A"]
[Result "0-1"]
[WhiteElo "2200"]
[BlackElo "2350"]

1.e4 g6 2.Nc3 Bg7 3.d4 c5 4.Nf3 Qa5 5.Be2 Nc6 6.d5 Nd4 7.O-O a6 8.Bd2 d6
9.Kh1 Nxf3 10.gxf3 Nf6 11.f4 Qc7 12.a4 b6 13.Bf3 Rb8 14.Qe2 O-O 15.Rae1 Kh8
16.Rg1 e6 17.dxe6 fxe6 18.Qf1 Bb7 19.Qh3 Qf7 20.Rg5 d5 21.e5 Ng8 22.Ne2 Nh6
23.Reg1 Kg8 24.Ng3 Qe7 25.Nh5 Nf5 26.Nxg7 Qxg7 27.Bh5 d4+ 28.f3 Kf7 29.Bg4 Ke7
30.Bxf5 Rxf5 31.Rxf5 exf5 32.Be1 Ke6 33.Bh4 Qh6 34.Qg3 Qh5 35.Kg2 Bc6 36.b3 Rb7
37.Bg5 Rd7 38.Rd1 a5 39.Kf2 b5 40.axb5 Bxb5 41.Ra1 d3 42.c4 Bc6 43.Ke3 Rd4
44.Rd1 h6 45.Bf6 Rxf4 46.Rf1 g5 47.Kxd3 Bxf3 48.Kc3 Qg4 49.Qf2 Bd1 50.Qxc5 Qh3+
51.Kb2 Qxb3+ 52.Ka1 Qc3+  0-1

[Event "CAN-ch/zt"]
[Site "Toronto"]
[Date "1978.??.??"]
[Round "7"]
[White "Nickoloff, Bryon"]
[Black "Rohland, Michael K"]
[Result "1-0"]
[WhiteElo "2280"]
[BlackElo "2200"]

1.e4 g6 2.d4 Bg7 3.Nc3 c5 4.d5 d6 5.Nf3 Nf6 6.Bb5+ Nfd7 7.a4 Na6 8.Bf4 Nc7
9.Bc4 a6 10.O-O O-O 11.Re1 Rb8 12.Qd3 b5 13.axb5 Nb6 14.Nd2 Nxc4 15.Nxc4 axb5
16.Na5 Bd7 17.e5 Bxe5 18.Bxe5 dxe5 19.Rad1 f6 20.d6 exd6 21.Qxd6 Bg4 22.f3 Qxd6
23.Rxd6 Bf5 24.Rc6 Ne6 25.Nd5 Nd4 26.Rd6 Rbd8 27.Nxf6+ Kg7 28.Rxd8 Rxd8 29.Ne4 Bxe4
30.Rxe4 Nxc2 31.Rxe5 Rc8 32.Nb7 c4 33.Nd6 Rb8 34.Nxb5 Ra8 35.Re2 Ra1+ 36.Kf2 Ra5
37.Rxc2 Rxb5 38.Ke3 Rb4 39.Kd4 Kf6 40.Kc5 Rb8 41.Kxc4 Ke5 42.b4 Rc8+ 43.Kb3  1-0

[Event "AUT-ch"]
[Site "AUT"]
[Date "1979.??.??"]
[Round "4"]
[White "Raffalt, Manfred"]
[Black "Janetschek, Karl"]
[Result "0-1"]
[WhiteElo "2200"]
[BlackElo "2320"]

1.e4 g6 2.d4 Bg7 3.Nc3 c5 4.d5 d6 5.Nf3 Nf6 6.Be2 O-O 7.O-O Na6 8.Nd2 Nc7
9.a4 b6 10.f4 a6 11.Qe1 e6 12.Bf3 exd5 13.exd5 Bg4 14.Bxg4 Nxg4 15.Nc4 b5
16.Qg3 Nf6 17.axb5 axb5 18.Rxa8 Qxa8 19.Nxd6 b4 20.Nce4 Nxe4 21.Nxe4 Qxd5
22.Nd2 Nb5 23.Nf3 Nd4 24.Nxd4 Bxd4+ 25.Kh1 f5 26.h4 Re8 27.Re1 Re4 28.h5 Kg7
29.c3 bxc3 30.bxc3 Rxe1+ 31.Qxe1 Bf6 32.hxg6 hxg6 33.Be3 c4 34.Qd2 Qd3 35.Qxd3 cxd3
36.Kg1 Bxc3 37.Kf2 Kf7 38.Bb6 Ke6 39.Ke3 d2 40.Ke2 Kd5  0-1

[Event "HUN-ch"]
[Site "Budapest"]
[Date "1979.??.??"]
[Round "7"]
[White "Halasz, Tamas"]
[Black "Forintos, Gyozo V"]
[Result "0-1"]
[WhiteElo "2200"]
[BlackElo "2425"]

1.e4 g6 2.d4 Bg7 3.Nc3 c5 4.Nf3 cxd4 5.Nxd4 Nc6 6.Be3 Nf6 7.Nb3 O-O 8.Be2 d6
9.O-O a6 10.a4 Na5 11.e5 Ne8 12.Nxa5 Qxa5 13.Nd5 Be6 14.Nb6 Rb8 15.f4 dxe5
16.c3 exf4 17.b4 Qe5 18.Bxf4 Qxc3 19.Bxb8 Qe3+ 20.Kh1 Bxa1 21.Nc4 Bxc4 22.Bxc4 Bf6
23.Bd5 Qb6 24.Qb3 Nc7 25.a5 Qb5 26.Bc4 Qe5 27.Ba7 Nb5 28.Bc5 Nd6 29.Bd5 Ne4
30.Be3 Nc3  0-1

[Event "HUN-ch"]
[Site "Budapest"]
[Date "1979.??.??"]
[Round "11"]
[White "Groszpeter, Attila"]
[Black "Forintos, Gyozo V"]
[Result "0-1"]
[WhiteElo "2375"]
[BlackElo "2425"]

1.e4 g6 2.d4 Bg7 3.Nc3 c5 4.dxc5 Qa5 5.Bd2 Qxc5 6.Nd5 Na6 7.c3 e6 8.Nf4 Ne7
9.Nf3 Qc6 10.Bd3 e5 11.Nd5 Nxd5 12.exd5 Qxd5 13.Qe2 O-O 14.h4 d6 15.h5 Bf5
16.Bc4 Qe4 17.hxg6 hxg6 18.Be3 Nc7 19.Rd1 Qc6 20.Bb3 Rfd8 21.Bh6 Bxh6 22.Rxh6 Kg7
23.Rh4 Rh8 24.Kd2 Rxh4 25.Nxh4 Be6 26.Kc2 Rh8 27.g3 a5 28.Bxe6 Nxe6 29.Qg4 d5
30.Kb1 b5 31.Nf5+ Kf8 32.Ne3 d4 33.cxd4 exd4 34.Nc2 d3 35.Rxd3 Rh1+ 36.Rd1 Qc4
37.f4 f5  0-1

[Event "Montreal int"]
[Site "Montreal"]
[Date "1980.??.??"]
[Round "?"]
[White "Allan, Denis"]
[Black "Day, Lawrence A"]
[Result "0-1"]
[WhiteElo "2320"]
[BlackElo "2385"]

1.e4 g6 2.d4 Bg7 3.Nc3 c5 4.dxc5 Qa5 5.Ne2 Na6 6.Be3 Nxc5 7.Qd2 Nf6 8.b4 Qxb4
9.Rb1 Qa3 10.Nb5 Ncxe4 11.Nxa3 Nxd2 12.Bxd2 b6 13.Nc3 Bb7 14.f3 O-O 15.Nc4 Rac8
16.a4 d5 17.Na3 Nd7 18.Nd1 a6 19.c4 d4 20.a5 e5 21.axb6 Rfe8 22.Kf2 Nc5 23.Nc2 Re6
24.Ne1 e4 25.Bf4 f5 26.h4 Rce8 27.Nc2 e3+ 28.Ncxe3 dxe3+ 29.Bxe3 Rxe3 30.Nxe3 Bd4
31.Kg3 Bxe3 32.Be2 f4+ 33.Kh3 Bf2 34.Rb2 Bg3  0-1

[Event "Rome"]
[Site "Rome"]
[Date "1980.??.??"]
[Round "6"]
[White "Mariotti, Sergio"]
[Black "Szabo, Laszlo"]
[Result "1/2-1/2"]
[WhiteElo "2500"]
[BlackElo "2505"]

1.d4 g6 2.e4 Bg7 3.Nc3 c5 4.d5 d6 5.f4 Na6 6.Nf3 Nc7 7.a4 a6 8.a5 Nf6 9.Bc4 e6
10.dxe6 Bxe6 11.Bxe6 fxe6 12.e5 dxe5 13.Qxd8+ Rxd8 14.fxe5 Ng4 15.Bg5 Rd7
16.Ne4 Nxe5 17.Nfd2 O-O 18.Nxc5 Rd5 19.Nde4 Nc4 20.Ke2 Rff5 21.Rad1 Nxb2
22.Rxd5 exd5 23.g4 Re5 24.Bf4 dxe4 25.Bxe5 Bxe5 26.Ke3 Bc3 27.Nxb7 Nd5+ 28.Kxe4 Nf6+
29.Kf3 Nc4 30.h3 Kf7  1/2-1/2

[Event "Wroclaw-A"]
[Site "Wroclaw"]
[Date "1980.??.??"]
[Round "7"]
[White "Skrobek, Ryszard"]
[Black "Adamski, Andrzej"]
[Result "1-0"]
[WhiteElo "2350"]
[BlackElo "2350"]

1.e4 g6 2.d4 Bg7 3.Nc3 a6 4.h4 h5 5.Nh3 d6 6.a4 Bg4 7.f3 Bxh3 8.Rxh3 c5 9.Be3 cxd4
10.Bxd4 Nf6 11.Nd5 Nbd7 12.c3 O-O 13.g4 Nxd5 14.exd5 Bxd4 15.Qxd4 Nf6 16.a5 Qc8
17.g5 Ne8 18.Rh2 Qf5 19.O-O-O Nc7 20.Bh3 Nb5 21.Qe3 Qe5 22.Re2 Qg7 23.c4 Nc7
24.Qb6 e6 25.Qxc7 Rac8 26.Qxd6 Rxc4+ 27.Rc2 Rxh4 28.dxe6 f5  1-0